Katalóg výrobkov.

Gespeichert in:
Bibliographische Detailangaben
Körperschaft: Balex Metal SK (Banská Bystrica, Slovensko) (VerfasserIn)
Format: Buch
Sprache:Slowakisch
Veröffentlicht: [S.l.] : [s.n.], 2010
Ausgabe:[1. vyd.]
Schlagworte:
Online-Zugang: Volltext
Tags: Tag hinzufügen
Keine Tags, Fügen Sie den ersten Tag hinzu!

MARC

LEADER 00000nam a2200000 4500
003 SK-BrCVT
005 20220617223518.0
008 100518s2010 xo e ||||||slo d
035 |a CVTIDW0000432 
040 |b slo  |a CVTI SR  |e AACR2 
041 0 |a slo 
044 |a xo 
080 |a 692.232.4  |2 UDC-MRF 
080 |a 62-417  |2 UDC-MRF 
110 2 |a Balex Metal SK (Banská Bystrica, Slovensko)  |4 aut 
245 1 0 |a Katalóg výrobkov. 
250 |a [1. vyd.] 
260 |a [S.l.] :  |b [s.n.],  |c 2010 
300 |a 31 s. :  |b fotogr., obr. ; 
653 1 |a strešná krytina 
653 1 |a klampiarsky výrobok 
653 1 |a trapézový plech 
653 1 |a sendvičový panel 
653 1 |a stenový panel 
655 4 |a firemné katalógy 
856 4 |u http://www.balex.eu 
910 |b F029890 
959 |a 6706 
959 |a 5501 
974 |a agnesa.remenarova  |f Firemná literatúra 
992 |a FFK 
999 |c 154794  |d 154794